Immagini satellitari - Quiz n°7 - Statistics

Statistiche generali
  • Questo quiz è stato fatto 23 volte
  • Il punteggio medio è 5 su 16
Statistiche sulle risposte
con Immagini Hint Risposta % Corretto
Stato degli USA Alaska
100%
isola Corsica
86%
catena montuosa Caucaso
55%
nazione Finlandia
55%
isola Nuova Guinea
32%
città Roma
27%
deserto Kalahari
23%
arcipelago Azzorre
18%
penisola Yucatan
18%
arcipelago Falkland
14%
città Lisbona
9%
delta fluviale Mekong
5%
città Shanghai
5%
lago Tanganica
5%
isola Okinawa
0%
lago Titicaca
0%
Nessun quiz corrispondente trovato
Distribuzione punteggi
Percentuale di utenti per punteggio
Percentile per numero di risposta
I tuoi punteggi nel tempo
Non hai fatto questo quiz